|
|
|
|
| LEADER |
01065naa a2200253 i 4500 |
| 001 |
acta78507 |
| 005 |
20230322101006.0 |
| 008 |
230322s2022 hu o 1|| eng d |
| 020 |
|
|
|a 978-963-306-904-2
|
| 040 |
|
|
|a SZTE Egyetemi Kiadványok Repozitórium
|b hun
|
| 041 |
|
|
|a eng
|
| 100 |
1 |
|
|a Karan Jelena
|
| 245 |
1 |
0 |
|a Effect of subhronic dibutyl phthalate exposure on the levels of reproductive hormones in female wistar rats
|h [elektronikus dokumentum] :
|b [abstract] /
|c Karan Jelena
|
| 260 |
|
|
|c 2022
|
| 300 |
|
|
|a 191
|
| 490 |
0 |
|
|a Proceedings of the International Symposium on Analytical and Environmental Problems
|v 28
|
| 650 |
|
4 |
|a Természettudományok
|
| 650 |
|
4 |
|a Kémiai tudományok
|
| 695 |
|
|
|a Kémia - előadáskivonat
|
| 700 |
0 |
1 |
|a Ivelja Ivana
|e aut
|
| 700 |
0 |
1 |
|a Andrić Nebojša
|e aut
|
| 700 |
0 |
2 |
|a Marković Filipović Jelena
|e aut
|
| 711 |
|
|
|a 28th International Symposium on Analytical and Environmental Problems
|c Szeged
|d 2022. november 14-15.
|
| 856 |
4 |
0 |
|u http://acta.bibl.u-szeged.hu/78507/1/proceedings_of_isaep_2022_191.pdf
|z Dokumentum-elérés
|